Poèmes

Guardat en:
Dades bibliogràfiques
Autor principal: Rimbaud, Arthur
Format: Llibre
Idioma:Undetermined
Publicat: Francia Gallimard 1960
Matèries:
Etiquetes: Afegir etiqueta
Sense etiquetes, Sigues el primer a etiquetar aquest registre!

MARC

LEADER 00000nam a2200000Ia 4500
008 170316s9999 xx 000 0 und d
040 |a cru BVZT 
090 |a 840 R-6p 
100 |a Rimbaud, Arthur 
245 |a Poèmes 
260 |a Francia 
260 |b Gallimard 
260 |c 1960 
300 |a 178 páginas 
650 |a LITERATURA FRANCESA 
650 |a POEMAS EN IDIOMA FRANCÉS 
999 |c 7937  |d 7937 
942 |c 15 D  |h 840 R-6p  |2 z